000 00814cab a2200265 4500
001 ABS49793
008 090401t1993 xxu||||| |||| 00| 0 eng d
035 _a(Sirsi) u72761
041 _aeng
100 _aFreedman, P.
245 4 _aThe environmental factor
260 _c1993
350 _a0
490 _aEstates Gazette
_v(9347) 27 November 1993, 132-133(2)
520 _aRuns through the guidance notes on contamination and environmental factors in valuation issued by the RICS for inclusion in the White Book.
650 _aContamination
_96231
650 _aENVIRONMENTAL FACTORS
650 _aRICS GUIDANCE NOTES
650 _aValuation
_96273
690 _aENVIRONMENTAL AND LAND CONSULTANCY
690 _aRATING AND VALUATION
700 _aWard, H.
942 _n0
948 _c04/03/1997
999 _c45983
_d45983